00277nam a2200109Ia 450000100070000000500170000700800410002424500440006526000320010930000070014199900190014858902520250717120841.0250717s9999 xx 000 0 und d 0aX-1 ÜÇ UÇAN ÇOCUKcAYTÜL AKAL bUÇANBALIK YAYINLARIc2018 b16 c589025d589025